000 01067naa a22002777u 4500
001 08299
003 HDC
007 cr bn ---aaaaa
008 210130s2013 onc eng
040 _aHDC
100 _aChounou, N.,
_eauthor
_98806
245 0 _aFood Analysis and Preservation: Current Research Topics :
_bShelf Life Extension of Ground Meat, Stored at 4°C using Chitosan and an Oxygen Absorber /
_cby N. Chounou, E. Chouliara, S. F. Mexis, D. Georgantelis and M. G. Kontominas
260 _aToronto
_bApple Academic Press,
_c2012
300 _a11 pages
336 _atext
_2rdacontent
337 _acomputer
_2rdamedia
338 _aonline resource
_2rdacarrier
500 _aOriginal from book
650 _aFood
_xAnalysis
_9471
650 _aFood
_xMicrobiology
_98798
650 _aFood
_xPreservation
_96335
856 _zRequest full-text at [email protected]
942 _2lcc
942 _cCHAP
942 _kEBCH 004866
999 _c5622
_d5622